000 00942nam a22002417a 4500
005 20240530110617.0
008 161130s2015 ua g b 000 0 ara d
017 _a2014/22007
_bمصر. دار الكتب
020 _a9789774279409
040 _aEG-CaGPL
_cEG-CaGPL
082 0 4 _221
_a372.61\
_bح ا
100 0 _aحسن شحاتة
245 1 0 _aاستراتيجيات حديثة فى تعليم اللغة العربية و تعلمها /
_cحسن شحاتة
250 _aط.1.
260 _aالقاهرة :
_bالدار المصرية اللبنانية ،
_c2015.
300 _a293 ص. ؛
_c24 سم.
504 _aيشتمل على ارجاعات ببليوجرافية
650 0 7 _2qrmak
_aاللغة العربية
_xتعليم و تدريس
650 0 7 _2qrmak
_aاللغة العربية
_xقواعد الاملاء و الهجاء
651 _2qrmak
942 _2ddc
_cBK
999 _c62972
_d62972